000 00307nam a22001337a 4500
008 171016b xxu||||| |||| 00| 0 eng d
020 _a9780393965711
041 _aeng
080 _a330.101.542
100 _a52
101 _aEKO
245 _aPRINCIPLES OF MICRO-ECONOMICS
_cBOADWAY, S
942 _2udc
_cBK
999 _c34122
_d34122